[Event "Espalion Op"]
[Site "Espalion (12)"]
[Date "2018.07.18"]
[Round "6.24"]
[White "Callebaut, Katia"]
[Black "Chazeau, Laineur-Lothaire"]
[Result "0-1"]
[WhiteElo "1253"]
[BlackElo "1651"]
[PlyCount "98"]
[EventDate "2018.07.??"]
[EventType "swiss"]
[EventRounds "9"]
[EventCountry "FRA"]

1. e4 g6 2. Nf3 Bg7 3. d4 d6 4. Be3 a6 5. a4 e6 6. Bc4 Ne7 7. c3 O-O 8. O-O h6
9. b4 b6 10. d5 e5 11. b5 a5 12. h3 Bb7 13. Qd2 Kh7 14. g4 f6 15. Nh4 Nd7 16.
Kh2 Rf7 17. f3 Qf8 18. Bd3 Rd8 19. c4 Bc8 20. Nc3 Nc5 21. Bc2 f5 22. Nxg6 Nxg6
23. exf5 Kh8 24. fxg6 Rxf3 25. Rf2 e4 26. Raf1 Be5+ 27. Kg2 Rg3+ 28. Kh2 Rxe3+
29. Kg1 Rg3+ 30. Kh1 Rxh3+ 31. Kg1 Rg3+ 32. Kh1 Rf3 33. Nxe4 Rh3+ 34. Kg1 Qe7
35. Nf6 Bxf6 36. Rxf6 Bxg4 37. Kg2 Ne4 38. g7+ Qxg7 39. Bxe4 Bf5+ 40. Kf2 Qxf6
41. Qf4 Qb2+ 42. Ke1 Bxe4 43. c5 Qc3+ 44. Qd2 Re3+ 45. Kd1 Rd3 46. Rf2 Rxd2+
47. Rxd2 Bf3+ 48. Ke1 Qe3+ 49. Re2 Qxe2# 0-1

[Event "Espalion Op"]
[Site "Espalion (12)"]
[Date "2018.07.18"]
[Round "6.25"]
[White "Boulier, Rene"]
[Black "Duvette, Michel"]
[Result "1/2-1/2"]
[WhiteElo "1590"]
[BlackElo "1520"]
[PlyCount "116"]
[EventDate "2018.07.??"]
[EventType "swiss"]
[EventRounds "9"]
[EventCountry "FRA"]

1. e4 d5 2. exd5 Nf6 3. Nc3 Nxd5 4. Nxd5 Qxd5 5. Nf3 Bg4 6. Be2 e6 7. O-O Be7
8. d4 Nc6 9. Be3 Bf6 10. c3 O-O 11. h3 Bh5 12. Qa4 a6 13. Rfe1 Qd6 14. Rad1 b5
15. Qc2 Bg6 16. Qc1 Qe7 17. Nd2 Rad8 18. Bf3 Nb8 19. Ne4 Bxe4 20. Bxe4 c6 21.
Bb1 Rd7 22. Bf4 Rfd8 23. Bxb8 Rxb8 24. Re2 c5 25. dxc5 Rxd1+ 26. Qxd1 Qxc5 27.
Qd3 g6 28. Bc2 Rd8 29. Qf3 Qg5 30. g3 Rd2 31. h4 Qh6 32. Kg2 Rxe2 33. Qxe2 Qf8
34. Qe4 Qd8 35. h5 Qd5 36. hxg6 Qxe4+ 37. Bxe4 hxg6 38. Bb7 a5 39. Bc6 b4 40.
cxb4 axb4 41. b3 Kf8 42. Kf3 Ke7 43. Ke3 Bc3 44. Kd3 Kd6 45. Be8 Ke7 46. Bb5
Bb2 47. f3 e5 48. g4 f5 49. gxf5 gxf5 50. Kc4 Ba3 51. Kd5 Bb2 52. Bd3 Kf6 53.
Bb1 Ba3 54. Bd3 e4 55. fxe4 fxe4 56. Bxe4 Ke7 57. Kc4 Kd6 58. Bh7 Ke5 1/2-1/2

[Event "Espalion Op"]
[Site "Espalion (12)"]
[Date "2018.07.18"]
[Round "6.28"]
[White "Vandekerckhove, Stefaan"]
[Black "Sanchez, Corentin"]
[Result "1/2-1/2"]
[WhiteElo "1172"]
[BlackElo "1199"]
[PlyCount "56"]
[EventDate "2018.07.??"]
[EventType "swiss"]
[EventRounds "9"]
[EventCountry "FRA"]

1. d4 d5 2. Nf3 Nc6 3. e3 Nf6 4. Bd3 e6 5. Nbd2 Bd6 6. c3 O-O 7. O-O e5 8. dxe5
Bxe5 9. Bb5 Bd6 10. Re1 a6 11. Bd3 Re8 12. b3 Ne5 13. Be2 c6 14. Bb2 Bf5 15.
Rc1 Qc7 16. g3 Bd3 17. Nxe5 Bxe2 18. Qxe2 Bxe5 19. Nf3 Bd6 20. Red1 Qa5 21. Ba1
Ba3 22. Rc2 Qd8 23. c4 Bb4 24. cxd5 cxd5 25. Qd3 Qd6 26. Kg2 Rad8 27. Bd4 Rd7
28. Qf5 h6 1/2-1/2

[Event "Espalion Op"]
[Site "Espalion (12)"]
[Date "2018.07.19"]
[Round "7.1"]
[White "Gozzoli, Yannick"]
[Black "Lanzani, Mario"]
[Result "1-0"]
[WhiteElo "2587"]
[BlackElo "2280"]
[PlyCount "53"]
[EventDate "2018.07.??"]
[EventType "swiss"]
[EventRounds "9"]
[EventCountry "FRA"]

1. d4 d5 2. Nf3 c5 3. c4 dxc4 4. e3 cxd4 5. Bxc4 Qc7 6. Qb3 e6 7. O-O Nc6 8.
exd4 a6 9. Bd3 Nf6 10. Nc3 Be7 11. Bg5 O-O 12. Rfd1 Qa5 13. Bh4 Nd5 14. Bg3 Bf6
15. Be4 Rd8 16. Rac1 Qb4 17. Bxd5 exd5 18. Qxb4 Nxb4 19. Bc7 Rd7 20. Na4 Bd8
21. Nb6 Rxc7 22. Rxc7 Bxc7 23. Nxa8 Bd8 24. a3 Nc6 25. Ne5 f6 26. Nxc6 bxc6 27.
Rd3 1-0

[Event "Espalion Op"]
[Site "Espalion (12)"]
[Date "2018.07.19"]
[Round "7.3"]
[White "Menard, Baptiste"]
[Black "Flear, Glenn C"]
[Result "0-1"]
[WhiteElo "2184"]
[BlackElo "2451"]
[PlyCount "140"]
[EventDate "2018.07.??"]
[EventType "swiss"]
[EventRounds "9"]
[EventCountry "FRA"]

1. Nf3 d5 2. g3 Bg4 3. Bg2 e6 4. O-O Nf6 5. d3 Be7 6. c4 Nbd7 7. Nbd2 O-O 8. h3
Bh5 9. b3 c6 10. Bb2 Qb8 11. Qc2 a5 12. a3 Rc8 13. e3 b5 14. g4 Bg6 15. Rfc1
bxc4 16. bxc4 Bxd3 17. Qxd3 Qxb2 18. Rcb1 Ne5 19. Rxb2 Nxd3 20. Rb7 Nc5 21.
Rbb1 (21. Rxe7 Kf8) 21... Kf8 22. Nd4 Nfd7 23. f4 Bf6 24. g5 Bxd4 25. exd4 Nd3
26. Rb7 Ke7 27. f5 Rcb8 28. Rab1 Rxb7 29. Rxb7 Rb8 30. f6+ gxf6 31. gxf6+ Ke8
32. Rc7 Nxf6 33. Rxc6 Rb2 34. Nf3 Nf4 35. Bf1 Ne4 36. Ne5 f6 37. Nd3 Nxd3 38.
Bxd3 Ng5 39. cxd5 Nf3+ 40. Kf1 Nxd4 41. Ra6 Rb3 42. Bxh7 Rxh3 43. Bg6+ Ke7 44.
dxe6 Rxa3 45. Bf7 f5 46. Bg8 Kf6 47. Ra8 Nc6 48. Rc8 Ne7 49. Rf8+ Ke5 50. Bf7
Ra2 51. Re8 Kf6 52. Ra8 a4 53. Be8 a3 54. Ra6 f4 55. Bb5 Rb2 56. Bc4 Nf5 57.
Kg1 Ne3 58. e7+ Kxe7 59. Rxa3 Nxc4 60. Rf3 Ke6 61. Rxf4 Kd5 62. Rf2 Rb3 63. Rf8
Ke4 64. Kf2 Ne5 65. Rd8 Rf3+ 66. Ke2 Rh3 67. Kd2 Nc6 68. Rd6 Nd4 69. Rd8 Rd3+
70. Kc1 Ne2+ 0-1

[Event "Espalion Op"]
[Site "Espalion (12)"]
[Date "2018.07.19"]
[Round "7.4"]
[White "Gerard, Nicolas"]
[Black "Kosten, Anthony C"]
[Result "0-1"]
[WhiteElo "2183"]
[BlackElo "2439"]
[PlyCount "100"]
[EventDate "2018.07.??"]
[EventType "swiss"]
[EventRounds "9"]
[EventCountry "FRA"]

1. d4 Nf6 2. c4 e6 3. Nf3 Bb4+ 4. Nbd2 b6 5. a3 Bxd2+ 6. Qxd2 Bb7 7. e3 a5 8.
b3 O-O 9. Bb2 d6 10. Be2 Nbd7 11. O-O Qe7 12. Qc2 c5 13. Nd2 Rfc8 14. Bc3 cxd4
15. exd4 d5 16. Bf3 b5 17. c5 Nxc5 18. dxc5 Qxc5 19. Rfc1 b4 20. axb4 axb4 21.
Rxa8 Bxa8 22. Nb1 bxc3 23. Qxc3 Qxc3 24. Rxc3 Rxc3 25. Nxc3 Kf8 26. Be2 e5 27.
Nb5 Ke7 28. Kf1 Bc6 29. Na3 Ne4 30. Ke1 Nc3 31. Ba6 d4 32. g3 Na2 33. Bd3 e4
34. Bc4 Nb4 35. Kd2 f6 36. Bg8 h6 37. Nc4 Bd5 38. Bh7 Ke6 39. Ke2 f5 40. Nb6
Bc6 41. h3 Bb5+ 42. Kd2 Ke5 43. Bg8 g5 44. Bf7 f4 45. Nc4+ Bxc4 46. bxc4 Na6
47. gxf4+ gxf4 48. f3 e3+ 49. Ke2 Nc5 50. Bg6 Kf6 0-1

[Event "Espalion Op"]
[Site "Espalion (12)"]
[Date "2018.07.19"]
[Round "7.5"]
[White "Peter, Sebastien"]
[Black "Pass, Deborah J"]
[Result "1-0"]
[WhiteElo "2229"]
[BlackElo "1951"]
[PlyCount "47"]
[EventDate "2018.07.??"]
[EventType "swiss"]
[EventRounds "9"]
[EventCountry "FRA"]

1. e4 d5 2. exd5 Nf6 3. Bb5+ Bd7 4. Be2 Nxd5 5. d4 g6 6. h3 Bg7 7. Nf3 c5 8. c4
Nf6 9. d5 O-O 10. O-O e6 11. Nc3 exd5 12. cxd5 Bf5 13. Be3 b6 14. Qd2 Re8 15.
Bh6 Bh8 16. Bb5 Ne4 17. Nxe4 Rxe4 18. Bd3 Rb4 19. Bxf5 Rxb2 20. Qd3 gxf5 21.
Qxf5 Bf6 22. Ng5 Bxg5 23. Bxg5 Qf8 24. Bf6 1-0

[Event "Espalion Op"]
[Site "Espalion (12)"]
[Date "2018.07.19"]
[Round "7.6"]
[White "Grichkevitch, Gilles"]
[Black "Carton, Patrick"]
[Result "0-1"]
[WhiteElo "1964"]
[BlackElo "2189"]
[PlyCount "72"]
[EventDate "2018.07.??"]
[EventType "swiss"]
[EventRounds "9"]
[EventCountry "FRA"]

1. e4 c5 2. Nf3 d6 3. d4 cxd4 4. Nxd4 Nf6 5. Nc3 Nc6 6. Bg5 e6 7. Qd2 Be7 8.
O-O-O O-O 9. f3 d5 10. exd5 Nxd5 11. Bxe7 Ncxe7 12. Bc4 Nxc3 13. Qxc3 Qc7 14.
Nb5 Qc5 15. b4 Qg5+ 16. Kb1 a5 17. Nc7 axb4 18. Qxb4 Nc6 19. Qb6 Ra4 20. Bb3
Rb4 21. Qf2 Qa5 22. Qg3 Nd4 23. Qd6 Nf5 24. Qd2 Rxb3+ 25. cxb3 Qxc7 26. h4 e5
27. g4 Nd4 28. Qf2 Be6 29. Rc1 Nc6 30. h5 Ra8 31. h6 g6 32. Rc5 Qd6 33. Rhc1
Qd3+ 34. Ka1 Nd4 35. Qb2 Nxb3+ 36. Qxb3 Qxb3 0-1

[Event "Espalion Op"]
[Site "Espalion (12)"]
[Date "2018.07.19"]
[Round "7.7"]
[White "Lagunes, Robin"]
[Black "Lagunes, Jean-Renaud"]
[Result "1/2-1/2"]
[WhiteElo "1857"]
[BlackElo "1943"]
[PlyCount "29"]
[EventDate "2018.07.??"]
[EventType "swiss"]
[EventRounds "9"]
[EventCountry "FRA"]

1. e4 d6 2. d4 Nf6 3. Nc3 g6 4. Be3 c6 5. Be2 b5 6. h3 b4 7. e5 bxc3 8. exf6
cxb2 9. Rb1 Qa5+ 10. Bd2 Qxa2 11. fxe7 Bxe7 12. Bc3 O-O 13. Nf3 Qd5 14. Bxb2
Ba6 15. O-O 1/2-1/2

[Event "Espalion Op"]
[Site "Espalion (12)"]
[Date "2018.07.19"]
[Round "7.8"]
[White "Flear, Christine"]
[Black "Tholey, Jean-Paul"]
[Result "1/2-1/2"]
[WhiteElo "2083"]
[BlackElo "1815"]
[PlyCount "207"]
[EventDate "2018.07.??"]
[EventType "swiss"]
[EventRounds "9"]
[EventCountry "FRA"]

1. d4 Nf6 2. c4 g6 3. g3 Bg7 4. Bg2 O-O 5. Nc3 c6 6. e4 d6 7. h3 Nbd7 8. Nf3
Nb6 9. Qe2 Nfd7 10. O-O e5 11. d5 c5 12. b3 Nf6 13. Rb1 Ne8 14. Rd1 f5 15. Bg5
Bf6 16. Qd2 Bd7 17. Rbc1 Nc8 18. Re1 Ne7 19. Bh6 Bg7 20. Bg5 Bf6 21. exf5 Nxf5
22. Ne4 Bxg5 23. Nfxg5 Nd4 24. Ne6 Bxe6 25. dxe6 Nxe6 26. Qd5 Qe7 27. h4 Kg7
28. Nc3 Rf7 29. Rcd1 Rd8 30. Bh3 Nd4 31. f4 Nf6 32. Qg2 Qc7 33. fxe5 dxe5 34.
Re3 Re8 35. g4 Qc6 36. Nd5 Nxd5 37. cxd5 Qd6 38. g5 Ref8 39. Qg3 Rf3 40. Qxe5+
Qxe5 41. Rxe5 Rxh3 42. Kg2 Rxh4 43. d6 Rhf4 44. Rxc5 Nc6 45. d7 Rd8 46. Rb5 Rb8
47. Rc5 Rff8 48. a3 Rbd8 49. b4 Kf7 50. b5 Nb8 51. Rc7 Ke7 52. Rxb7 Rxd7 53.
Rdxd7+ Nxd7 54. Rxa7 Rf5 55. a4 Rxg5+ 56. Kf2 Kd6 57. Ke3 h5 58. Rb7 h4 59. a5
Rg3+ 60. Kf2 Ra3 61. a6 g5 62. a7 Nc5 63. Rg7 h3 64. b6 Kc6 65. Rg8 Kb7 66.
Rb8+ Kc6 67. a8=Q+ Rxa8 68. Rxa8 Kxb6 69. Kg3 Ne4+ 70. Kxh3 Kc5 71. Rd8 Kc4 72.
Kg4 Kc5 73. Kf5 Nd6+ 74. Ke6 Ne4 75. Ke5 Nc3 76. Rg8 Kc4 77. Rxg5 Kd3 78. Rg8
Ne4 79. Rd8+ Ke3 80. Ra8 Nc3 81. Rh8 Kd3 82. Rh3+ Kc4 83. Rg3 Nb5 84. Rh3 Nc3
85. Rf3 Nb5 86. Ke4 Nc3+ 87. Ke3 Nd5+ 88. Kd2 Kd4 89. Rf8 Ke4 90. Kc2 Ne3+ 91.
Kb3 Kd4 92. Rd8+ Nd5 93. Kc2 Ke4 94. Kb3 Kd4 95. Ka4 Kc4 96. Ka5 Kc5 97. Rc8+
Kd4 98. Kb5 Nc3+ 99. Kb6 Ne4 100. Rd8+ Ke5 101. Rd3 Nf6 102. Rd1 Ne4 103. Re1
Kd4 104. Rxe4+ 1/2-1/2

[Event "Espalion Op"]
[Site "Espalion (12)"]
[Date "2018.07.19"]
[Round "7.9"]
[White "Griggio, Jean-Paul"]
[Black "Baroyan, Davit"]
[Result "0-1"]
[WhiteElo "1752"]
[BlackElo "2049"]
[PlyCount "70"]
[EventDate "2018.07.??"]
[EventType "swiss"]
[EventRounds "9"]
[EventCountry "FRA"]

1. d4 Nf6 2. Nf3 g6 3. g3 Bg7 4. Bg2 O-O 5. O-O c5 6. e3 d5 7. h3 Nc6 8. Nbd2
Ne4 9. dxc5 Nxc5 10. Nb3 Ne4 11. c3 Qd6 12. Nbd4 a6 13. Kh2 h5 14. Nd2 Nc5 15.
N2b3 Rd8 16. Nxc5 Qxc5 17. Qe2 e5 18. Nb3 Qb6 19. e4 d4 20. f4 exf4 21. gxf4
dxc3 22. bxc3 Bxc3 23. Be3 Qb5 24. Qxb5 axb5 25. Rac1 b4 26. Rf2 Be6 27. e5 Ra3
28. Nc5 Bxa2 29. Nxb7 Rd3 30. Bc5 Na5 31. Be7 Nxb7 32. Bxb7 Be6 33. Bg2 Ra2 34.
Rfc2 Rxc2 35. Rxc2 b3 0-1

[Event "Espalion Op"]
[Site "Espalion (12)"]
[Date "2018.07.19"]
[Round "7.10"]
[White "Larcheveque, Francois"]
[Black "Joli, Laurent"]
[Result "1-0"]
[WhiteElo "1980"]
[BlackElo "1793"]
[PlyCount "69"]
[EventDate "2018.07.??"]
[EventType "swiss"]
[EventRounds "9"]
[EventCountry "FRA"]

1. d4 Nf6 2. c4 g6 3. Nf3 Bg7 4. g3 d5 5. cxd5 Nxd5 6. Bg2 c6 7. O-O O-O 8. Nc3
Nd7 9. e4 Nxc3 10. bxc3 Nb6 11. Qc2 Be6 12. Rd1 f6 13. Rb1 Qc8 14. a4 Bf7 15.
Nd2 Re8 16. a5 Nc4 17. Nxc4 Bxc4 18. Qa4 Bf7 19. c4 Rd8 20. Be3 e6 21. Qb4 Rd7
22. Qe1 Be8 23. Rb2 Bf8 24. Rdb1 a6 25. Bh3 f5 26. Bg2 Re7 27. Bg5 Rd7 28. Be3
Re7 29. Qd2 e5 30. d5 c5 31. Bg5 Rd7 32. Bh3 Rc7 33. Rb6 Be7 34. Bxe7 Rxe7 35.
exf5 1-0

[Event "Espalion Op"]
[Site "Espalion (12)"]
[Date "2018.07.19"]
[Round "7.11"]
[White "Duffau, Pascal"]
[Black "Gaubert, Cedric"]
[Result "1-0"]
[WhiteElo "1952"]
[BlackElo "1797"]
[PlyCount "97"]
[EventDate "2018.07.??"]
[EventType "swiss"]
[EventRounds "9"]
[EventCountry "FRA"]

1. Nf3 d5 2. c4 Nf6 3. e3 e6 4. Nc3 b6 5. cxd5 exd5 6. d4 Bb7 7. Bb5+ Nbd7 8.
O-O Bd6 9. Qe2 O-O 10. b3 a6 11. Bd3 Ne4 12. Bb2 f5 13. Rad1 Rf6 14. Ne5 Nxe5
15. dxe5 Bxe5 16. Bxe4 Bxh2+ 17. Kxh2 Rh6+ 18. Kg1 Qh4 19. f4 fxe4 20. Nxd5 Rd8
21. Nxc7 Qh2+ 22. Kf2 Qh4+ 23. g3 Qh2+ 24. Ke1 Qxg3+ 25. Qf2 Rxd1+ 26. Kxd1
Qg4+ 27. Ke1 Qd7 28. Be5 Qd3 29. Qd2 Qxd2+ 30. Kxd2 Rh2+ 31. Kc3 Rxa2 32. Rg1
g6 33. f5 Kf7 34. fxg6+ hxg6 35. Rf1+ Ke7 36. Bd4 Bc8 37. Nd5+ Kd6 38. Nxb6 Bf5
39. Nc4+ Kc6 40. Rg1 a5 41. Ne5+ Kd6 42. Nxg6 a4 43. bxa4 Rxa4 44. Nf4 Ra8 45.
Rg5 Rf8 46. Rh5 Bg4 47. Rh6+ Kd7 48. Nd5 Bf3 49. Nf6+ 1-0

[Event "Espalion Op"]
[Site "Espalion (12)"]
[Date "2018.07.19"]
[Round "7.12"]
[White "Verat-Fayolle, Celian"]
[Black "Flaujac, Benoit"]
[Result "1-0"]
[WhiteElo "1759"]
[BlackElo "1902"]
[PlyCount "75"]
[EventDate "2018.07.??"]
[EventType "swiss"]
[EventRounds "9"]
[EventCountry "FRA"]

1. e4 e5 2. Nf3 Nc6 3. Bc4 Nf6 4. Ng5 d5 5. exd5 Na5 6. d3 h6 7. Nf3 e4 8. Qe2
Nxc4 9. dxc4 Bc5 10. Nfd2 O-O 11. Nb3 Bg4 12. Qf1 Bd6 13. h3 Bh5 14. g4 Bg6 15.
Nc3 c6 16. Be3 cxd5 17. cxd5 a5 18. O-O-O a4 19. Nc5 a3 20. Nxb7 axb2+ 21. Kb1
Qc7 22. Nxd6 Qxc3 23. Qc4 Qe5 24. Bc5 Nd7 25. Qd4 Qf4 26. Nf5 Ne5 27. Ne7+ Kh7
28. Nxg6 fxg6 29. Bxf8 Rxf8 30. Qe3 Qf7 31. Qxe4 Re8 32. Rhe1 Qxf2 33. d6 Rc8
34. Re2 Qa7 35. Qxe5 Ra8 36. Qd5 Qa6 37. Re7 Rf8 38. Qd4 1-0

[Event "Espalion Op"]
[Site "Espalion (12)"]
[Date "2018.07.19"]
[Round "7.13"]
[White "Marie, Olivier"]
[Black "Pascot, Jean"]
[Result "0-1"]
[WhiteElo "1544"]
[BlackElo "1796"]
[PlyCount "62"]
[EventDate "2018.07.??"]
[EventType "swiss"]
[EventRounds "9"]
[EventCountry "FRA"]

1. e4 e5 2. f4 exf4 3. Nf3 d6 4. g3 fxg3 5. Qe2 Qe7 6. d3 Bg4 7. Na3 Nc6 8. Be3
g6 9. hxg3 Bg7 10. c3 Nf6 11. Bg2 a6 12. Qf2 Nh5 13. Nc2 O-O-O 14. O-O-O Kb8
15. Kb1 Qd7 16. Rde1 Rhe8 17. Ng5 f6 18. Nh3 Ne5 19. Bf1 Nxd3 20. Bxd3 Bxh3 21.
Bc1 Be6 22. Rh4 d5 23. Be2 dxe4 24. Bxh5 gxh5 25. Rxh5 f5 26. Rxh7 Bg8 27. Rh5
Qf7 28. Nb4 Qxh5 29. Bf4 Be5 30. Qc5 Bxf4 31. gxf4 Rd1+ 0-1

[Event "Espalion Op"]
[Site "Espalion (12)"]
[Date "2018.07.19"]
[Round "7.14"]
[White "Carno, Matthias"]
[Black "Veschambre, Antoine"]
[Result "0-1"]
[WhiteElo "1783"]
[BlackElo "1730"]
[PlyCount "56"]
[EventDate "2018.07.??"]
[EventType "swiss"]
[EventRounds "9"]
[EventCountry "FRA"]

1. b3 Nf6 2. Bb2 e6 3. c4 b6 4. Nc3 Bb7 5. d4 d5 6. Nf3 dxc4 7. bxc4 Be7 8. e3
O-O 9. Bd3 c5 10. O-O Nc6 11. dxc5 Bxc5 12. Ne4 Nxe4 13. Bxe4 Qxd1 14. Rfxd1
Rfd8 15. Ne5 Na5 16. Bxb7 Nxb7 17. Bd4 Bxd4 18. Rxd4 Rxd4 19. exd4 Rc8 20. Rc1
Kf8 21. Kf1 Ke7 22. Ke2 f6 23. Nd3 Kd6 24. f4 h6 25. g4 Na5 26. c5+ Kd5 27. Ke3
Nc4+ 28. Rxc4 Kxc4 0-1

[Event "Espalion Op"]
[Site "Espalion (12)"]
[Date "2018.07.19"]
[Round "7.15"]
[White "Martinez, Felicien"]
[Black "Martinez, Philippe"]
[Result "1/2-1/2"]
[WhiteElo "1766"]
[BlackElo "1506"]
[PlyCount "91"]
[EventDate "2018.07.??"]
[EventType "swiss"]
[EventRounds "9"]
[EventCountry "FRA"]

1. e4 Nc6 2. Nc3 e5 3. Bc4 Nf6 4. d3 Bc5 5. Bg5 Na5 6. Bb3 Nxb3 7. axb3 c6 8.
Nf3 d6 9. O-O Bg4 10. Qe2 a6 11. Nd1 O-O 12. Ne3 Bh5 13. Nf5 h6 14. Be3 Bxe3
15. Qxe3 Bg6 16. Ng3 Nh5 17. Nxh5 Bxh5 18. Nd2 f6 19. f4 exf4 20. Qxf4 Bf7 21.
Rf3 Qb6+ 22. Kh1 Qc5 23. c3 Qg5 24. Qxg5 hxg5 25. b4 d5 26. Re3 Rfe8 27. Kg1
Rad8 28. d4 Rd7 29. e5 Rde7 30. Rae1 f5 31. g3 Be6 32. R3e2 g4 33. Kf2 g5 34.
Ke3 Kg7 35. Rf2 Rf7 36. Nb3 Kg6 37. Nc5 Rfe7 38. b3 Bc8 39. Na4 Rh7 40. Nb6
Reh8 41. Ree2 Be6 42. c4 Rf8 43. Ra2 Rhf7 44. Ra1 f4+ 45. gxf4 gxf4+ 46. Kd2
1/2-1/2

[Event "Espalion Op"]
[Site "Espalion (12)"]
[Date "2018.07.19"]
[Round "7.16"]
[White "Labarthe, Arnaud"]
[Black "Rabier, Jean"]
[Result "1-0"]
[WhiteElo "1632"]
[BlackElo "1732"]
[PlyCount "53"]
[EventDate "2018.07.??"]
[EventType "swiss"]
[EventRounds "9"]
[EventCountry "FRA"]

1. d4 e6 2. e4 d6 3. Nc3 a6 4. f4 g6 5. Nf3 Ne7 6. Be3 Bg7 7. Qd2 Nd7 8. O-O-O
h6 9. g4 b5 10. h4 Bb7 11. Bd3 f5 12. gxf5 exf5 13. d5 b4 14. Ne2 fxe4 15. Bxe4
Nf6 16. Qd3 Bxd5 17. Bxd5 Nfxd5 18. Bd4 Nf6 19. Rhg1 Kf8 20. Rg2 Rg8 21. Ng3
Qd7 22. h5 gxh5 23. Nh4 Qg4 24. Ngf5 Qxf4+ 25. Be3 Qe5 26. Nxg7 Rxg7 27. Bxh6
1-0

[Event "Espalion Op"]
[Site "Espalion (12)"]
[Date "2018.07.19"]
[Round "7.17"]
[White "Baduel, Alain"]
[Black "Charlier, Antoine"]
[Result "0-1"]
[WhiteElo "1600"]
[BlackElo "1259"]
[PlyCount "72"]
[EventDate "2018.07.??"]
[EventType "swiss"]
[EventRounds "9"]
[EventCountry "FRA"]

1. e4 d5 2. exd5 Nf6 3. d4 Nxd5 4. Nf3 Bf5 5. a3 e6 6. c4 Nf6 7. Nc3 c5 8. d5
Bd6 9. h3 Qe7 10. Bd3 Bxd3 11. Qxd3 exd5+ 12. Qe2 Qxe2+ 13. Nxe2 dxc4 14. O-O
O-O 15. Be3 Nc6 16. Nc3 b6 17. Rad1 Bc7 18. Bg5 Ne8 19. Nb5 Bb8 20. Rfe1 Nc7
21. Nd6 Ne6 22. Nxc4 Nxg5 23. Nxg5 Bf4 24. g3 Bxg5 25. Rd7 Rad8 26. Rc7 Rc8 27.
Rd7 Rfe8 28. Red1 Red8 29. f4 Bf6 30. b3 Bd4+ 31. R1xd4 cxd4 32. Rb7 d3 33. Nd2
h6 34. b4 Nd4 35. Rxa7 Nf3+ 36. Nxf3 d2 0-1

[Event "Espalion Op"]
[Site "Espalion (12)"]
[Date "2018.07.19"]
[Round "7.18"]
[White "Hadamard, Olivier"]
[Black "Chazeau, Laineur-Lothaire"]
[Result "1-0"]
[WhiteElo "1776"]
[BlackElo "1651"]
[PlyCount "102"]
[EventDate "2018.07.??"]
[EventType "swiss"]
[EventRounds "9"]
[EventCountry "FRA"]

1. d4 g6 2. c4 Bg7 3. Nc3 d6 4. e4 a6 5. h3 e6 6. Nf3 Ne7 7. Be3 O-O 8. Qd2 Re8
9. Bd3 Nd7 10. h4 Nf6 11. O-O-O h5 12. Nh2 e5 13. d5 Bd7 14. f4 Rb8 15. a4 c5
16. Be2 Qa5 17. Qc2 b5 18. axb5 axb5 19. cxb5 Nc8 20. Kd2 Na7 21. Ra1 Qc7 22.
Qa4 Nc8 23. Qa5 Nb6 24. Qa3 Rec8 25. Rhc1 Qd8 26. g3 Ne8 27. Qb3 Nc7 28. Ra7
Qe8 29. Rca1 Nba8 30. R1a5 Kh7 31. Kc1 f6 32. Nf1 Qd8 33. Nd2 Nb6 34. Nc4 Nxc4
35. Bxc4 Na8 36. Qa3 Nb6 37. b3 Bf8 38. Na4 Be7 39. Nxb6 Rxb6 40. R5a6 Rcb8 41.
Qa5 Rxa6 42. Qxd8 Ra1+ 43. Rxa1 Rxd8 44. Ra7 g5 45. b6 gxh4 46. gxh4 f5 47. Bf2
fxe4 48. fxe5 Kg6 49. Rc7 Bf8 50. b7 Bh6+ 51. Kc2 Bg4 {
Reste de la partie illisible} 1-0

[Event "Espalion Op"]
[Site "Espalion (12)"]
[Date "2018.07.19"]
[Round "7.19"]
[White "Garde, Guillaume"]
[Black "Malart, Jacques"]
[Result "1/2-1/2"]
[WhiteElo "1405"]
[BlackElo "1735"]
[PlyCount "125"]
[EventDate "2018.07.??"]
[EventType "swiss"]
[EventRounds "9"]
[EventCountry "FRA"]

1. e4 c5 2. Nc3 Nc6 3. f4 g6 4. Nf3 Bg7 5. Bc4 e6 6. O-O Nge7 7. Qe1 Nd4 8.
Nxd4 Bxd4+ 9. Kh1 Nc6 10. d3 a6 11. a3 Bg7 12. Qf2 d6 13. Bd2 O-O 14. h3 b5 15.
Ba2 b4 16. axb4 Nxb4 17. Bb3 a5 18. Nd1 Bd7 19. Bc3 a4 20. Bxg7 Kxg7 21. Ba2
Nxa2 22. Rxa2 Qf6 23. Nc3 a3 24. Qd2 axb2 25. Rxb2 Ra3 26. Rb3 Rxb3 27. cxb3
Rb8 28. Qc2 Qd4 29. Ne2 Qb4 30. Nc1 d5 31. exd5 exd5 32. Rf2 Be6 33. Kh2 d4 34.
Rf3 Rb5 35. Kg3 Bxb3 36. Nxb3 Qxb3 37. Qe2 Qe6 38. Qd2 Rb1 39. Qc2 Qe1+ 40. Rf2
Rc1 41. Qd2 Qxd2 42. Rxd2 Rc3 43. Kf3 f5 44. Ke2 Kh6 45. g4 Kg7 46. Rb2 fxg4
47. hxg4 c4 48. dxc4 Rxc4 49. Rb7+ Kf6 50. Rb6+ Ke7 51. Rb7+ Ke6 52. Rxh7 d3+
53. Kxd3 Rxf4 54. Ke3 Rxg4 55. Kf3 Rg1 56. Rg7 Kf6 57. Ra7 g5 58. Ra5 Kg6 59.
Ra8 Kf5 60. Ra5+ Kg6 61. Ra8 Rf1+ 62. Kg4 Rb1 63. Ra6+ 1/2-1/2

[Event "Espalion Op"]
[Site "Espalion (12)"]
[Date "2018.07.19"]
[Round "7.20"]
[White "Mourgues, Joelle"]
[Black "Rinie, Jean-Jacques"]
[Result "1-0"]
[WhiteElo "1580"]
[BlackElo "1654"]
[PlyCount "37"]
[EventDate "2018.07.??"]
[EventType "swiss"]
[EventRounds "9"]
[EventCountry "FRA"]

1. d4 d5 2. Nf3 c6 3. Bf4 Nf6 4. h3 e6 5. e3 Nbd7 6. Bd3 Be7 7. Nbd2 c5 8. c3
Qa5 9. O-O cxd4 10. b4 Qd8 11. exd4 a6 12. a4 b6 13. Ne5 Bb7 14. b5 a5 15. Nc6
Qc8 16. Nxe7 Kxe7 17. Rc1 Re8 18. Qb3 Qd8 19. Qa3+ 1-0

[Event "Espalion Op"]
[Site "Espalion (12)"]
[Date "2018.07.19"]
[Round "7.21"]
[White "Kosten-Forintos, Gyongyver"]
[Black "Martin, Gerard"]
[Result "1-0"]
[WhiteElo "1685"]
[BlackElo "1381"]
[PlyCount "71"]
[EventDate "2018.07.??"]
[EventType "swiss"]
[EventRounds "9"]
[EventCountry "FRA"]

1. d4 e6 2. Nf3 h6 3. e4 c5 4. c3 Nf6 5. e5 Nd5 6. c4 Ne7 7. d5 exd5 8. cxd5 d6
9. Bb5+ Bd7 10. Bxd7+ Qxd7 11. Nc3 Ng6 12. exd6 Bxd6 13. O-O O-O 14. Ne4 Na6
15. Be3 Rad8 16. Qb3 b6 17. Rad1 Nc7 18. Rd2 Kh8 19. Rfd1 f5 20. Nxd6 Qxd6 21.
g3 Ne7 22. Bf4 Qd7 23. d6 Ne6 24. dxe7 Qxe7 25. Rxd8 Nxd8 26. Bd6 Qe8 27. Bxf8
Qxf8 28. Qd5 Nf7 29. Qxf5 Qg8 30. Nh4 Qe8 31. Ng6+ Kg8 32. Qd7 Qe2 33. Ne7+ Kh7
34. Qf5+ Kh8 35. Rd8+ Nxd8 36. Qf8+ 1-0

[Event "Espalion Op"]
[Site "Espalion (12)"]
[Date "2018.07.19"]
[Round "7.22"]
[White "Duvette, Michel"]
[Black "Herrero, Alain"]
[Result "1-0"]
[WhiteElo "1520"]
[BlackElo "1647"]
[PlyCount "41"]
[EventDate "2018.07.??"]
[EventType "swiss"]
[EventRounds "9"]
[EventCountry "FRA"]

1. d4 Nf6 2. Nf3 g6 3. Bf4 Bg7 4. e3 O-O 5. Nbd2 d5 6. h3 c5 7. c3 Nc6 8. dxc5
Nd7 9. Nb3 e6 10. Be2 b6 11. Bb5 Bb7 12. Nbd4 Rc8 13. Nxc6 Bxc6 14. Ba6 Ra8 15.
Nd4 e5 16. Nxc6 Qf6 17. Qxd5 Rad8 18. Nxd8 Rxd8 19. O-O-O exf4 20. c6 fxe3 21.
fxe3 1-0

[Event "Espalion Op"]
[Site "Espalion (12)"]
[Date "2018.07.19"]
[Round "7.23"]
[White "Daude, Alexandre"]
[Black "Callebaut, Giovanni"]
[Result "0-1"]
[WhiteElo "1352"]
[BlackElo "1616"]
[PlyCount "108"]
[EventDate "2018.07.??"]
[EventType "swiss"]
[EventRounds "9"]
[EventCountry "FRA"]

1. e4 e6 2. d4 d5 3. e5 c5 4. c3 Qb6 5. Nf3 Nc6 6. Bd3 Bd7 7. O-O cxd4 8. cxd4
Nge7 9. Nc3 Nb4 10. Ne1 Qxd4 11. a3 Nxd3 12. Nxd3 Nf5 13. Ne2 Qh4 14. Qb3 Bc6
15. Ng3 Nd4 16. Qd1 Be7 17. Ne1 O-O 18. Be3 Bc5 19. Rc1 Bb6 20. Bxd4 Qxd4 21.
Qxd4 Bxd4 22. Nd3 Bb5 23. Rcd1 Rac8 24. Ne2 Bxd3 25. Rxd3 Bxe5 26. b4 Rc2 27.
Re3 Bb2 28. Ng3 Rfc8 29. h3 R8c3 30. Nf5 Rxa3 31. Rd1 Rxe3 32. Nxe3 Rc1 33.
Rxc1 Bxc1 34. Nc2 b6 35. b5 Kf8 36. Nd4 e5 37. Nc6 f6 38. Kf1 Ba3 39. Nxa7 Ke8
40. Ke2 Kd7 41. Kd3 Bf8 42. g3 Kd6 43. f4 Kc5 44. h4 Bd6 45. h5 Bb8 46. Nc6 Bd6
47. fxe5 fxe5 48. Na7 e4+ 49. Ke3 Bxg3 50. Nc6 Bh4 51. Nb8 Bf6 52. h6 Kxb5 53.
hxg7 Bxg7 54. Nd7 h5 0-1